Neurological anatomy in relation to clinical medicine / (Record no. 807)

000 -LEADER
fixed length control field 01318nam a22003977a 4500
001 - CONTROL NUMBER
control field 2298111
003 - CONTROL NUMBER IDENTIFIER
control field OSt
005 - DATE AND TIME OF LATEST TRANSACTION
control field 20210422060249.0
008 - FIXED-LENGTH DATA ELEMENTS--GENERAL INFORMATION
fixed length control field 800214s1981 nyu b 001 0 eng
010 ## - LIBRARY OF CONGRESS CONTROL NUMBER
LC control number 80011701
020 ## - INTERNATIONAL STANDARD BOOK NUMBER
International Standard Book Number 0195026942
040 ## - CATALOGING SOURCE
Original cataloging agency eng
Transcribing agency DLC
Modifying agency eng
Language of cataloging eng
041 ## - LANGUAGE CODE
Language code of text/sound track or separate title eng
050 00 - LIBRARY OF CONGRESS CALL NUMBER
Classification number QM451
Item number .B7853 1981
060 ## - NATIONAL LIBRARY OF MEDICINE CALL NUMBER
Classification number WL101 B864n
080 ## - UNIVERSAL DECIMAL CLASSIFICATION NUMBER
Universal Decimal Classification number 616.8
Item number B-87
082 00 - DEWEY DECIMAL CLASSIFICATION NUMBER
Classification number 611/.8
100 1# - MAIN ENTRY--PERSONAL NAME
Personal name Brodal, Alf,
Dates associated with a name 1910-
245 10 - TITLE STATEMENT
Title Neurological anatomy in relation to clinical medicine /
Statement of responsibility, etc. A. Brodal.
Remainder of title / by: Oxford University Press
250 ## - EDITION STATEMENT
Edition statement 3rd edition
260 ## - PUBLICATION, DISTRIBUTION, ETC.
Place of publication, distribution, etc. New York :
Name of publisher, distributor, etc. Oxford University Press,
Date of publication, distribution, etc. 1981.
300 ## - PHYSICAL DESCRIPTION
Extent xvii, 1053 p. :
Other physical details ill. ;
Dimensions 24 cm.
500 ## - GENERAL NOTE
General note Includes index.
504 ## - BIBLIOGRAPHY, ETC. NOTE
Bibliography, etc. note Bibliography: p. [853]-1035.
650 #0 - SUBJECT ADDED ENTRY--TOPICAL TERM
Topical term or geographic name entry element Neuroanatomy.
650 #0 - SUBJECT ADDED ENTRY--TOPICAL TERM
Topical term or geographic name entry element Neurology
9 (RLIN) 100
650 #0 - SUBJECT ADDED ENTRY--TOPICAL TERM
Topical term or geographic name entry element Nervous system
General subdivision Diseases
-- Diagnosis.
650 #2 - SUBJECT ADDED ENTRY--TOPICAL TERM
Topical term or geographic name entry element Nervous system
General subdivision Anatomy and histology.
650 #2 - SUBJECT ADDED ENTRY--TOPICAL TERM
Topical term or geographic name entry element Neurologic Manifestations.
653 ## - INDEX TERM--UNCONTROLLED
Uncontrolled term ნევროლოგია
653 ## - INDEX TERM--UNCONTROLLED
Uncontrolled term ნეიროანატომია
653 ## - INDEX TERM--UNCONTROLLED
Uncontrolled term ნერვული სისტემა
856 42 - ELECTRONIC LOCATION AND ACCESS
Materials specified Publisher description
Uniform Resource Identifier <a href="http://www.loc.gov/catdir/enhancements/fy0603/80011701-d.html">http://www.loc.gov/catdir/enhancements/fy0603/80011701-d.html</a>
906 ## - LOCAL DATA ELEMENT F, LDF (RLIN)
a 7
b cbc
c orignew
d 1
e ocip
f 19
g y-gencatlg
942 ## - ADDED ENTRY ELEMENTS (KOHA)
Source of classification or shelving scheme
Koha item type Books
Edition 3
Holdings
Withdrawn status Lost status Source of classification or shelving scheme Damaged status Not for loan Permanent location Current location Date acquired Inventory number Total Checkouts Full call number Barcode Date last seen Price effective from Koha item type
          Ken Walker International University Ken Walker International University 12/22/2020 2113   616.8 B-87 2113 12/22/2020 12/22/2020 Books

Powered by Koha